000 00319nam a22001337a 4500
008 171009b xxu||||| |||| 00| 0 eng d
020 _aric0219u
041 _aeng
080 _25TH
_a159.9
100 _a49
101 _aPSI
245 _aNONVERBAL BEHAVIOR IN INTERPERSONAL RELATIONS
_cRICHMOND,V.P
942 _2udc
_cBK
999 _c32502
_d32502